000 00604cam a22002053a 4500
001 42804
003 PGUSA
005 20140828083953.0
008 130525s2013||||xxu|||||s|||||000 | eng d
040 _aPGUSA
_beng
042 _adc
100 1 _aTerhune, Albert Payson,
_d1872-1942
245 1 0 _aBuff :
_bA Collie and other dog-stories
_h[electronic resource] /
_cAlbert Payson Terhune
260 _bProject Gutenberg,
_c2013
506 _aPublic domain in the USA.
516 _aElectronic text
830 0 _aProject Gutenberg
_v42804
856 4 0 _uhttp://www.gutenberg.org/ebooks/42804
942 _cEB
999 _c272056
_d272056